Sports Quiz

Random Sports or Soccer Quiz

Euro 2016 Groups Clickable Quiz Stats

 Plays Quiz not verified by Sporcle

Challenge
Share
Tweet
Embed
Score 0/24 Timer 03:00
0 Plays Today
% Correct
France
93%
Albania
90%
Romania
83%
Switzerland
82%
England
78%
Wales
77%
Germany
75%
Russia
75%
Slovakia
75%
Italy
74%
Austria
73%
Belgium
73%
% Correct
Portugal
73%
Spain
73%
Poland
72%
Northern Ireland
71%
Sweden
71%
Hungary
69%
Iceland
69%
Ukraine
67%
Rep. Ireland
66%
Turkey
66%
Croatia
65%
Czech Republic
63%

You're not logged in!

Compare scores with friends on all Sporcle quizzes.
Join for Free
OR
Log In

You Might Also Like...

Show Comments

Extras

Top Quizzes Today


Score Distribution

Your Account Isn't Verified!

In order to create a playlist on Sporcle, you need to verify the email address you used during registration. Go to your Sporcle Settings to finish the process.

Report this User

Report this user for behavior that violates our Community Guidelines.

Details: